[Event "17. Obert Int. Sant Marti 2015 - B"]
[Site "Barcelona ESP"]
[Date "2015.07.15"]
[Round "3.16"]
[White "Padilla Carmona, Francesc"]
[Black "Martinez Hernandez, Emili"]
[Result "1/2-1/2"]
[WhiteElo "1937"]
[BlackElo "2018"]
[PlyCount "45"]
[EventDate "2015.07.13"]
[EventType "swiss"]
[EventRounds "9"]
[EventCountry "ESP"]
[SourceTitle "Ajedrez en Madrid"]
[Source "lmi"]
[SourceDate "2015.07.13"]
[SourceVersion "1"]
[SourceVersionDate "2019.06.21"]
[SourceQuality "1"]

1. e4 c5 2. Nf3 e6 3. Nc3 Nc6 4. d4 cxd4 5. Nxd4 Bb4 6. Ndb5 a6 7. Nd6+ Bxd6 8.
Qxd6 Qe7 9. Qg3 f6 10. Bd3 b5 11. O-O Nb4 12. Be3 Bb7 13. a3 Nxd3 14. cxd3 e5
15. f4 d6 16. fxe5 dxe5 17. Kh1 Qf7 18. d4 exd4 19. Bxd4 Ne7 20. e5 Rg8 21.
Rae1 f5 22. e6 Qg6 23. Qxg6+ 1/2-1/2

[Event "17. Obert Int. Sant Marti 2015 - B"]
[Site "Barcelona ESP"]
[Date "2015.07.15"]
[Round "3.17"]
[White "Riu Lopez, Sergi"]
[Black "Llopis Jordan, Lluis"]
[Result "1-0"]
[WhiteElo "2018"]
[BlackElo "1936"]
[PlyCount "61"]
[EventDate "2015.07.13"]
[EventType "swiss"]
[EventRounds "9"]
[EventCountry "ESP"]
[SourceTitle "Ajedrez en Madrid"]
[Source "lmi"]
[SourceDate "2015.07.13"]
[SourceVersion "1"]
[SourceVersionDate "2019.06.21"]
[SourceQuality "1"]

1. e4 c6 2. d4 d5 3. exd5 cxd5 4. c4 e6 5. Nc3 Nf6 6. Nf3 Nc6 7. Bg5 Be7 8. c5
h6 9. Bh4 Qa5 10. Qd2 a6 11. a3 O-O 12. Bd3 Nd7 13. b4 Qd8 14. Bxe7 Qxe7 15.
O-O f5 16. Rfe1 Qf7 17. b5 Ne7 18. Qe2 Nf6 19. Ne5 Qe8 20. Na4 Ne4 21. f3 Ng5
22. Nb6 Rb8 23. bxa6 bxa6 24. Bxa6 Bxa6 25. Qxa6 Rd8 26. Qb7 Rb8 27. Qd7 Rd8
28. Qc7 Nc8 29. Nc6 Nxb6 30. Qxd8 Qxc6 31. Qxb6 1-0

[Event "17. Obert Int. Sant Marti 2015 - B"]
[Site "Barcelona ESP"]
[Date "2015.07.15"]
[Round "3.18"]
[White "Martinez Talavera, Jordi"]
[Black "Rodriguez Isern, Bernat"]
[Result "0-1"]
[WhiteElo "2008"]
[BlackElo "1936"]
[PlyCount "72"]
[EventDate "2015.07.13"]
[EventType "swiss"]
[EventRounds "9"]
[EventCountry "ESP"]
[SourceTitle "Ajedrez en Madrid"]
[Source "lmi"]
[SourceDate "2015.07.13"]
[SourceVersion "1"]
[SourceVersionDate "2019.06.21"]
[SourceQuality "1"]

1. d4 d5 2. Nf3 Nf6 3. Bf4 e6 4. e3 Bd6 5. Bg3 Bxg3 6. hxg3 Nbd7 7. Nbd2 c5 8.
c3 Qb6 9. Qc2 Qd6 10. Bb5 a6 11. Bxd7+ Bxd7 12. Ne5 cxd4 13. exd4 Rc8 14. g4
Bc6 15. Nxc6 Qxc6 16. g5 Ne4 17. Nxe4 dxe4 18. Rh4 Qd5 19. Qxe4 Qxg5 20. Rxh7
Rxh7 21. Qxh7 Qxg2 22. Qg8+ Kd7 23. Qxf7+ Kd6 24. Qf4+ Ke7 25. O-O-O Rf8 26.
Qc7+ Ke8 27. Re1 Rf6 28. Qd6 Kf7 29. Qd7+ Kf8 30. Qd6+ Kf7 31. Re2 Qg1+ 32. Kc2
Qg6+ 33. Kb3 Qg2 34. Qd7+ Kg8 35. Qe8+ Kh7 36. Rxe6 Qd5+ 0-1

[Event "17. Obert Int. Sant Marti 2015 - B"]
[Site "Barcelona ESP"]
[Date "2015.07.15"]
[Round "3.19"]
[White "Ramos Alvarez, Maximo"]
[Black "Pascual Gonzalez-Novelles, Carles"]
[Result "1/2-1/2"]
[WhiteElo "2002"]
[BlackElo "1931"]
[PlyCount "114"]
[EventDate "2015.07.13"]
[EventType "swiss"]
[EventRounds "9"]
[EventCountry "ESP"]
[SourceTitle "Ajedrez en Madrid"]
[Source "lmi"]
[SourceDate "2015.07.13"]
[SourceVersion "1"]
[SourceVersionDate "2019.06.21"]
[SourceQuality "1"]

1. e4 e6 2. d4 d5 3. Nc3 Bb4 4. Nge2 c5 5. exd5 Qxd5 6. Bd2 Qh5 7. Nb5 Na6 8.
c3 cxd4 9. cxb4 Qxb5 10. Nxd4 Qe5+ 11. Be3 Bd7 12. Bxa6 bxa6 13. Qf3 Rc8 14.
O-O Nf6 15. Qb7 O-O 16. Nf3 Qb8 17. Qxb8 Rxb8 18. Bxa7 Rb7 19. Bc5 Rc8 20. Ne5
Bb5 21. Rfd1 a5 22. a4 Be2 23. Re1 axb4 24. Rxe2 Rxc5 25. Nd3 Rc8 26. Rc1 Rxc1+
27. Nxc1 Rc7 28. Nd3 Rd7 29. Ne1 Rd1 30. Kf1 Nd5 31. Rc2 Kf8 32. a5 Ra1 33. Rc5
Ke7 34. Ke2 Kd6 35. Rc8 Rxa5 36. Rg8 g6 37. Rg7 f5 38. Rxh7 Ke5 39. Nd3+ Kd4
40. Rh4+ f4 41. Nxf4 Nxf4+ 42. Rxf4+ Kc5 43. Kd3 e5 44. Rf6 e4+ 45. Kc2 Ra8 46.
Rxg6 Rf8 47. f3 exf3 48. gxf3 Rxf3 49. h4 Rh3 50. Rg5+ Kc4 51. Rg4+ Kc5 52.
Rg5+ Kc4 53. b3+ Kd4 54. Rg4+ Kc5 55. Rg5+ Kd4 56. Rg4+ Kc5 57. Rg5+ Kd4
1/2-1/2

[Event "17. Obert Int. Sant Marti 2015 - B"]
[Site "Barcelona ESP"]
[Date "2015.07.15"]
[Round "3.20"]
[White "Riera Danes, Manel"]
[Black "Gonzalez Martin, Fernando"]
[Result "1/2-1/2"]
[WhiteElo "1996"]
[BlackElo "1921"]
[PlyCount "39"]
[EventDate "2015.07.13"]
[EventType "swiss"]
[EventRounds "9"]
[EventCountry "ESP"]
[SourceTitle "Ajedrez en Madrid"]
[Source "lmi"]
[SourceDate "2015.07.13"]
[SourceVersion "1"]
[SourceVersionDate "2019.06.21"]
[SourceQuality "1"]

1. e4 e5 2. Nf3 Nc6 3. Bb5 Nf6 4. d3 Bc5 5. c3 d6 6. O-O a6 7. Ba4 b5 8. Bc2
Bg4 9. Nbd2 O-O 10. Re1 Ne7 11. Nf1 h6 12. h3 Bxf3 13. Qxf3 Ng6 14. g3 Nh7 15.
Be3 Bxe3 16. Nxe3 Ng5 17. Qg2 Qf6 18. Bd1 c6 19. h4 Ne6 20. Qf3 1/2-1/2

[Event "17. Obert Int. Sant Marti 2015 - B"]
[Site "Barcelona ESP"]
[Date "2015.07.15"]
[Round "3.21"]
[White "Collell Rodriguez, Victor"]
[Black "Fernandez Pintado, Xavier"]
[Result "1/2-1/2"]
[WhiteElo "1987"]
[BlackElo "1906"]
[PlyCount "95"]
[EventDate "2015.07.13"]
[EventType "swiss"]
[EventRounds "9"]
[EventCountry "ESP"]
[SourceTitle "Ajedrez en Madrid"]
[Source "lmi"]
[SourceDate "2015.07.13"]
[SourceVersion "1"]
[SourceVersionDate "2019.06.21"]
[SourceQuality "1"]

1. e4 d5 2. exd5 Qxd5 3. Nc3 Qd8 4. Bc4 e6 5. d3 c6 6. Bd2 Ne7 7. Qe2 Nf5 8.
Nf3 b5 9. Bb3 a5 10. a3 Na6 11. O-O Nc7 12. Qe4 Bd7 13. Rfe1 Be7 14. Ne5 Nd5
15. Nxd7 Qxd7 16. Nxd5 cxd5 17. Qf4 O-O 18. c3 h6 19. d4 Bg5 20. Qg4 Bxd2 21.
Re5 Bg5 22. Bxd5 exd5 23. Rxf5 g6 24. Rxg5 Qxg4 25. Rxg4 Kg7 26. Re1 f5 27. Rg3
Kf6 28. Rge3 b4 29. Re6+ Kg7 30. Rd6 bxc3 31. bxc3 Rac8 32. Rxd5 a4 33. Ra5 Rc4
34. Rb1 Rfc8 35. Kf1 Rxc3 36. Rxa4 Rc2 37. d5 Rd2 38. Re1 Rcc2 39. Rf4 Rxd5 40.
Ra1 Kf6 41. a4 g5 42. Rf3 Rd4 43. g3 h5 44. a5 Rdd2 45. a6 Ra2 46. Rxa2 Rxa2
47. Rd3 Rxa6 48. Ke2 1/2-1/2

[Event "17. Obert Int. Sant Marti 2015 - B"]
[Site "Barcelona ESP"]
[Date "2015.07.15"]
[Round "3.22"]
[White "Torres Julian, Marc"]
[Black "Tortosa Moros, Joan"]
[Result "1-0"]
[WhiteElo "1976"]
[BlackElo "1911"]
[PlyCount "103"]
[EventDate "2015.07.13"]
[EventType "swiss"]
[EventRounds "9"]
[EventCountry "ESP"]
[SourceTitle "Ajedrez en Madrid"]
[Source "lmi"]
[SourceDate "2015.07.13"]
[SourceVersion "1"]
[SourceVersionDate "2019.06.21"]
[SourceQuality "1"]

1. e4 c5 2. Nf3 e6 3. d4 cxd4 4. Nxd4 a6 5. Nc3 b5 6. Bd3 Bb7 7. O-O Qb6 8. Be3
Bc5 9. Nce2 e5 10. Nf5 Bxe3 11. Nxe3 Nf6 12. Ng3 O-O 13. c4 bxc4 14. Nxc4 Qe6
15. Na5 Bc6 16. Bc4 Qg4 17. Nxc6 Nxc6 18. f3 Qg5 19. Nf5 Nh5 20. Qxd7 Nf4 21.
Ng3 Nd4 22. Qg4 Qf6 23. Nh5 Nxh5 24. Qxh5 Qf4 25. Qg4 Qe3+ 26. Kh1 Rfc8 27. b3
a5 28. Rac1 Kf8 29. Qh5 Rc7 30. Qxe5 Ne6 31. Qd6+ Kg8 32. Rce1 Qf4 33. Qxf4
Nxf4 34. g3 Ng6 35. f4 a4 36. Bd5 Ra6 37. Rc1 Rca7 38. Rc8+ Nf8 39. Rfc1 axb3
40. axb3 Ra1 41. Rxa1 Rxa1+ 42. Kg2 Ra2+ 43. Kh3 Rb2 44. e5 g6 45. e6 fxe6 46.
Bxe6+ Kg7 47. Rc7+ Kh6 48. Bd5 Rd2 49. Bc4 Nd7 50. g4 Rd4 51. Kg3 Nf8 52. g5+
1-0

[Event "17. Obert Int. Sant Marti 2015 - B"]
[Site "Barcelona ESP"]
[Date "2015.07.15"]
[Round "3.23"]
[White "Vargas Drechsler, Carlos"]
[Black "Pascual Duran, Pau"]
[Result "1-0"]
[WhiteElo "1973"]
[BlackElo "1897"]
[PlyCount "47"]
[EventDate "2015.07.13"]
[EventType "swiss"]
[EventRounds "9"]
[EventCountry "ESP"]
[SourceTitle "Ajedrez en Madrid"]
[Source "lmi"]
[SourceDate "2015.07.13"]
[SourceVersion "1"]
[SourceVersionDate "2019.06.21"]
[SourceQuality "1"]

1. d4 Nf6 2. Nf3 g6 3. c4 Bg7 4. g3 d6 5. Bg2 O-O 6. O-O Nbd7 7. b3 e5 8. Bb2
Ne4 9. dxe5 dxe5 10. Nbd2 Nd6 11. Rc1 c5 12. Nb1 Qe7 13. Qd5 Rb8 14. Rfd1 Nf5
15. e3 b6 16. Nc3 Rd8 17. Qd2 Bb7 18. Nd5 Qd6 19. Ng5 h6 20. Ne4 Qe6 21. Qe2
Ne7 22. Rd2 Nxd5 23. cxd5 Bxd5 24. Rxd5 1-0

[Event "17. Obert Int. Sant Marti 2015 - B"]
[Site "Barcelona ESP"]
[Date "2015.07.15"]
[Round "3.24"]
[White "De La Fuente  Clemente, Constantino"]
[Black "Romero Funieles, Rafael De Jesus"]
[Result "1/2-1/2"]
[WhiteElo "2043"]
[BlackElo "1893"]
[PlyCount "188"]
[EventDate "2015.07.13"]
[EventType "swiss"]
[EventRounds "9"]
[EventCountry "ESP"]
[SourceTitle "Ajedrez en Madrid"]
[Source "lmi"]
[SourceDate "2015.07.13"]
[SourceVersion "1"]
[SourceVersionDate "2019.06.21"]
[SourceQuality "1"]

1. e4 e6 2. d4 c6 3. Bd3 d5 4. e5 c5 5. c3 cxd4 6. cxd4 Nc6 7. Ne2 Bd7 8. O-O
Rc8 9. a3 Qb6 10. Bc2 Nge7 11. Nbc3 Nd8 12. b4 a6 13. Be3 Qc7 14. Rc1 b5 15.
Bd3 Qb7 16. f4 Nf5 17. Bxf5 exf5 18. Ng3 g6 19. Qb3 Rc4 20. Nh1 Ne6 21. Rfd1
Bh6 22. g3 O-O 23. Nf2 Rfc8 24. Nd3 Nxd4 25. Bxd4 Rxd4 26. Nc5 Rxd1+ 27. Rxd1
Qa7 28. Nxd5 Be6 29. Kf1 Qa8 30. Nxe6 fxe6 31. Ne7+ Kf7 32. Nxc8 Qxc8 33. Qd3
Ke8 34. Rd2 g5 35. Rc2 Qb7 36. Kf2 gxf4 37. gxf4 Bxf4 38. Qf3 Qxf3+ 39. Kxf3
Bxe5 40. Re2 Bc7 41. Rxe6+ Kf7 42. Rxa6 Bxh2 43. Rh6 Be5 44. Rxh7+ Kf6 45. Ra7
Bb2 46. Ke3 Ke5 47. Ra5 Kd6 48. Kf4 Ke6 49. Ra6+ Kd5 50. Kxf5 Kc4 51. Ra5 Kb3
52. a4 bxa4 53. b5 Bd4 54. Ke4 Bg1 55. b6 a3 56. b7 Bh2 57. Re5 Bxe5 58. Kxe5
a2 59. b8=Q+ Ka3 60. Qa7+ Kb2 61. Qd4+ Kb1 62. Qb4+ Kc2 63. Qa3 Kb1 64. Qb3+
Ka1 65. Qd1+ Kb2 66. Qd2+ Kb1 67. Qb4+ Kc2 68. Qa3 Kb1 69. Qd3+ Kb2 70. Qd2+
Kb1 71. Qd1+ Kb2 72. Qd4+ Kb1 73. Qb4+ Kc2 74. Qa5 Kb1 75. Qe1+ Kb2 76. Qd2+
Kb1 77. Qd3+ Kb2 78. Qd4+ Kb1 79. Qg1+ Kb2 80. Qd4+ Kb1 81. Qb4+ Kc2 82. Qd4
Kb1 83. Qd1+ Kb2 84. Qd2+ Kb1 85. Qb4+ Kc2 86. Qa3 Kb1 87. Qb3+ Ka1 88. Qd3 Kb2
89. Qd2+ Kb1 90. Qd1+ Kb2 91. Qd4+ Kb1 92. Qb4+ Kc2 93. Qe1 Kb2 94. Qd2+ Kb1
1/2-1/2

[Event "17. Obert Int. Sant Marti 2015 - B"]
[Site "Barcelona ESP"]
[Date "2015.07.15"]
[Round "3.26"]
[White "Poyato Ruiz, Fernando"]
[Black "Calbet Freixanet, Eduard"]
[Result "1-0"]
[WhiteElo "2024"]
[BlackElo "1890"]
[PlyCount "39"]
[EventDate "2015.07.13"]
[EventType "swiss"]
[EventRounds "9"]
[EventCountry "ESP"]
[SourceTitle "Ajedrez en Madrid"]
[Source "lmi"]
[SourceDate "2015.07.13"]
[SourceVersion "1"]
[SourceVersionDate "2019.06.21"]
[SourceQuality "1"]

1. d4 Nf6 2. c4 e5 3. e3 exd4 4. exd4 d5 5. Nc3 c5 6. Nf3 Nc6 7. Bg5 dxc4 8.
dxc5 Qe7+ 9. Qe2 Qxe2+ 10. Bxe2 Nd7 11. Nd5 f6 12. Nc7+ Kd8 13. Bf4 Nde5 14.
Nxa8 Bxc5 15. Nxe5 Nxe5 16. Bxe5 fxe5 17. Rd1+ Ke7 18. Nc7 Bb4+ 19. Kf1 Bf5 20.
Nd5+ 1-0

[Event "17. Obert Int. Sant Marti 2015 - B"]
[Site "Barcelona ESP"]
[Date "2015.07.15"]
[Round "3.27"]
[White "Nin Serres, Pere"]
[Black "Salazar Navas, Josep"]
[Result "0-1"]
[WhiteElo "1877"]
[BlackElo "2024"]
[PlyCount "76"]
[EventDate "2015.07.13"]
[EventType "swiss"]
[EventRounds "9"]
[EventCountry "ESP"]
[SourceTitle "Ajedrez en Madrid"]
[Source "lmi"]
[SourceDate "2015.07.13"]
[SourceVersion "1"]
[SourceVersionDate "2019.06.21"]
[SourceQuality "1"]

1. d4 Nf6 2. Nf3 c5 3. c3 cxd4 4. cxd4 g6 5. Nc3 d5 6. h3 Bg7 7. Bf4 O-O 8. e3
Bd7 9. Be2 Qb6 10. Rb1 Bf5 11. Bd3 Bxd3 12. Qxd3 Nc6 13. a3 Rac8 14. O-O Na5
15. Qb5 Qd8 16. Ne5 a6 17. Qb4 b5 18. Na2 Nc4 19. Nd3 a5 20. Qe1 Ne4 21. Rd1 f6
22. f3 Ned6 23. Nc5 Kf7 24. Bxd6 Qxd6 25. f4 Kg8 26. Qe2 e5 27. f5 exd4 28.
exd4 Rfe8 29. Qf2 Ne3 30. Nc3 Nxd1 31. Rxd1 Bh6 32. Re1 Rxe1+ 33. Qxe1 b4 34.
Nb5 Qb6 35. a4 gxf5 36. Qe7 Bf8 37. Qd7 Rd8 38. Qb7 Bxc5 0-1

[Event "17. Obert Int. Sant Marti 2015 - B"]
[Site "Barcelona ESP"]
[Date "2015.07.15"]
[Round "3.28"]
[White "Corominas Garrido, Antoni"]
[Black "Varela Cuadrado, Cesar"]
[Result "1-0"]
[WhiteElo "2011"]
[BlackElo "1876"]
[PlyCount "139"]
[EventDate "2015.07.13"]
[EventType "swiss"]
[EventRounds "9"]
[EventCountry "ESP"]
[SourceTitle "Ajedrez en Madrid"]
[Source "lmi"]
[SourceDate "2015.07.13"]
[SourceVersion "1"]
[SourceVersionDate "2019.06.21"]
[SourceQuality "1"]

1. c4 f5 2. Nc3 Nf6 3. d3 e5 4. g3 c6 5. Bg2 g6 6. Nf3 Bg7 7. Nxe5 O-O 8. O-O
d6 9. Nf3 Nbd7 10. Rb1 a5 11. a3 Ng4 12. Bd2 Nde5 13. b4 f4 14. Nxe5 Bxe5 15.
Ne4 d5 16. cxd5 cxd5 17. Nc3 Nxh2 18. Bxd5+ Kg7 19. gxf4 Bxf4 20. Bxf4 Rxf4 21.
f3 Qh4 22. Ne4 Rxe4 23. dxe4 Qg3+ 24. Kh1 Nxf1 25. Qxf1 Qh4+ 26. Kg1 Bh3 27.
Qe1 Qg5+ 28. Kf2 Rc8 29. Qg1 Qd2 30. Rd1 Qb2 31. Bxb7 Rb8 32. Bd5 Bc8 33. Qg5
Qf6 34. Qxf6+ Kxf6 35. bxa5 Rb5 36. Rc1 Bd7 37. Bc6 Bxc6 38. Rxc6+ Ke5 39. a6
Ra5 40. Rb6 Rxa3 41. e3 h5 42. Rxg6 h4 43. Rh6 Ra2+ 44. Kg1 Ra1+ 45. Kh2 Ra2+
46. Kh3 Ra1 47. Rh5+ Ke6 48. Kxh4 Kf6 49. Kg4 Kg6 50. Rg5+ Kf6 51. e5+ Ke6 52.
f4 Rg1+ 53. Kh5 Rh1+ 54. Kg6 Ra1 55. Kh5 Rh1+ 56. Kg4 Rg1+ 57. Kf3 Rf1+ 58. Ke4
Ra1 59. f5+ Kf7 60. Rg6 Ra4+ 61. Kf3 Ra5 62. Kf4 Ra4+ 63. e4 Ra5 64. Rb6 Ra1
65. Rb7+ Ke8 66. a7 Rf1+ 67. Kg5 Rg1+ 68. Kf6 Ra1 69. Rb8+ Kd7 70. a8=Q 1-0

[Event "17. Obert Int. Sant Marti 2015 - B"]
[Site "Barcelona ESP"]
[Date "2015.07.15"]
[Round "3.29"]
[White "Gomez Guinovart, Josep Manel"]
[Black "Sobrevia Castellar, Lluis"]
[Result "0-1"]
[WhiteElo "1861"]
[BlackElo "1999"]
[PlyCount "74"]
[EventDate "2015.07.13"]
[EventType "swiss"]
[EventRounds "9"]
[EventCountry "ESP"]
[SourceTitle "Ajedrez en Madrid"]
[Source "lmi"]
[SourceDate "2015.07.13"]
[SourceVersion "1"]
[SourceVersionDate "2019.06.21"]
[SourceQuality "1"]

1. d4 Nf6 2. Nf3 d6 3. c4 g6 4. Nc3 Bg7 5. e4 O-O 6. h3 e5 7. d5 Nbd7 8. Be3 b6
9. b4 Ne8 10. Bg5 f6 11. Be3 f5 12. exf5 gxf5 13. Nh2 Ndf6 14. Be2 Kh8 15. O-O
Ng8 16. f4 Nef6 17. fxe5 dxe5 18. Qc2 Bh6 19. Bxh6 Nxh6 20. Nf3 Nf7 21. Rae1
Bd7 22. Nh4 Nh6 23. Qd2 Nfg8 24. Nf3 Re8 25. Bd1 Nf7 26. Bc2 a6 27. Ne2 Qf6 28.
Ng3 Ngh6 29. Nh2 Qg6 30. Qf2 Rg8 31. Ne2 Qg7 32. Nf3 f4 33. Kh2 Bf5 34. Bxf5
Nxf5 35. Nd2 Ne3 36. Rg1 Qh6 37. Nc3 Ng4+ 0-1

[Event "17. Obert Int. Sant Marti 2015 - B"]
[Site "Barcelona ESP"]
[Date "2015.07.15"]
[Round "3.30"]
[White "Garcia Gil, Jose Antonio"]
[Black "Moysen Cortes, Jessica"]
[Result "0-1"]
[WhiteElo "1852"]
[BlackElo "1961"]
[PlyCount "54"]
[EventDate "2015.07.13"]
[EventType "swiss"]
[EventRounds "9"]
[EventCountry "ESP"]
[SourceTitle "Ajedrez en Madrid"]
[Source "lmi"]
[SourceDate "2015.07.13"]
[SourceVersion "1"]
[SourceVersionDate "2019.06.21"]
[SourceQuality "1"]

1. d4 d5 2. Nf3 Nf6 3. Bf4 Bf5 4. e3 Nh5 5. Bg5 h6 6. Bh4 g5 7. Bg3 Nxg3 8.
hxg3 e6 9. Nbd2 Nd7 10. c3 c6 11. Be2 Bg7 12. Nb3 Nf6 13. Nc5 b6 14. Nd3 Qc7
15. Nde5 Ne4 16. Bd3 f6 17. Bxe4 dxe4 18. Nxg5 fxe5 19. Qh5+ Kf8 20. Qe2 hxg5
21. Rxh8+ Bxh8 22. O-O-O exd4 23. exd4 g4 24. Qe3 Bf6 25. Kc2 Qg7 26. Qf4 Rd8
27. Rh1 Kg8 0-1

[Event "17. Obert Int. Sant Marti 2015 - B"]
[Site "Barcelona ESP"]
[Date "2015.07.15"]
[Round "3.31"]
[White "Branca, Colin"]
[Black "Pera Muntasell, Marc"]
[Result "1-0"]
[WhiteElo "1850"]
[BlackElo "1958"]
[PlyCount "219"]
[EventDate "2015.07.13"]
[EventType "swiss"]
[EventRounds "9"]
[EventCountry "ESP"]
[SourceTitle "Ajedrez en Madrid"]
[Source "lmi"]
[SourceDate "2015.07.13"]
[SourceVersion "1"]
[SourceVersionDate "2019.06.21"]
[SourceQuality "1"]

1. e4 c5 2. c3 Nf6 3. e5 Nd5 4. d4 cxd4 5. cxd4 Nc6 6. Nc3 Nxc3 7. bxc3 d5 8.
Bd3 a6 9. f4 e6 10. Nf3 Be7 11. O-O O-O 12. Qc2 h6 13. f5 exf5 14. Bxf5 Bxf5
15. Qxf5 Qc8 16. Qxc8 Raxc8 17. a4 Na5 18. Ba3 Bxa3 19. Rxa3 b6 20. Rc1 Nc4 21.
Rb3 Rc6 22. Ne1 f6 23. Nd3 a5 24. Nf4 fxe5 25. Nxd5 Rd6 26. Nc7 exd4 27. cxd4
Rc6 28. Rbc3 Rxc7 29. Rxc4 Rd7 30. Rd1 Rf4 31. Rd3 Kf7 32. Rf3 Rxf3 33. gxf3
Rd6 34. Kf2 Ke6 35. Ke3 Kd5 36. Rc7 Re6+ 37. Kd3 Rf6 38. Ke3 Re6+ 39. Kd3 Rg6
40. Rc2 Rg1 41. Rb2 Rd1+ 42. Kc3 Rf1 43. Rb5+ Kc6 44. Rf5 Rf2 45. h4 Kd6 46.
Kc4 Rc2+ 47. Kb3 Rc1 48. Re5 Rb1+ 49. Ka3 Rb4 50. Re8 Rb1 51. Rd8+ Kc7 52. Re8
Rg1 53. Kb3 Kd6 54. Re5 Rg3 55. Rf5 Rh3 56. Rf4 Ke6 57. Kc4 g5 58. hxg5 hxg5
59. Rf8 Rh1 60. d5+ Ke7 61. Rf5 Rc1+ 62. Kb3 Rb1+ 63. Kc4 Rb4+ 64. Kc3 Rxa4 65.
Rxg5 Ra3+ 66. Kb2 Rxf3 67. Rg7+ Kd6 68. Rg6+ Kc5 69. Rc6+ Kb5 70. Re6 Rd3 71.
d6 Kc5 72. Re5+ Kxd6 73. Rh5 Kc6 74. Rh6+ Kc5 75. Rh8 b5 76. Rc8+ Kb4 77. Rh8
Rd4 78. Kc2 Rg4 79. Rh3 a4 80. Kb2 Rg2+ 81. Kb1 Rg4 82. Kb2 Kc4 83. Rc3+ Kd4
84. Rc8 Rg2+ 85. Ka3 Rg3+ 86. Kb2 b4 87. Rd8+ Kc5 88. Rc8+ Kd6 89. Ra8 Rg2+ 90.
Kb1 a3 91. Rb8 Kc5 92. Rc8+ Kd4 93. Rh8 Kc4 94. Rh4+ Kb3 95. Rh3+ Ka4 96. Rh4
Rg3 97. Ka2 Rg2+ 98. Kb1 Kb3 99. Rh3+ Kc4 100. Rh4+ Kc3 101. Rh3+ Kc4 102. Rh4+
Kb5 103. Rh5+ Ka4 104. Rh4 a2+ 105. Ka1 Rg1+ 106. Kxa2 Rg2+ 107. Kb1 Ka3 108.
Rh8 Rg3 109. Rh1 b3 110. Rf1 1-0

[Event "17. Obert Int. Sant Marti 2015 - B"]
[Site "Barcelona ESP"]
[Date "2015.07.15"]
[Round "3.32"]
[White "Hinarejos Montano, Andres"]
[Black "Catala Ulied, Bernat"]
[Result "0-1"]
[WhiteElo "1854"]
[BlackElo "1977"]
[PlyCount "94"]
[EventDate "2015.07.13"]
[EventType "swiss"]
[EventRounds "9"]
[EventCountry "ESP"]
[SourceTitle "Ajedrez en Madrid"]
[Source "lmi"]
[SourceDate "2015.07.13"]
[SourceVersion "1"]
[SourceVersionDate "2019.06.21"]
[SourceQuality "1"]

1. d4 Nf6 2. Nf3 g6 3. e3 Bg7 4. Be2 d6 5. O-O O-O 6. h3 c5 7. d5 Bf5 8. c4 a6
9. Nc3 e6 10. Nh4 Nxd5 11. Nxd5 Qxh4 12. Nf4 Qe7 13. Bf3 g5 14. Nh5 Nc6 15.
Nxg7 Kxg7 16. e4 Bg6 17. Re1 Ne5 18. Qb3 h6 19. Qc3 Qf6 20. Bd1 Nd7 21. Qd2 Qe7
22. b3 e5 23. f4 exf4 24. Bb2+ Ne5 25. Qd5 b5 26. Bc2 bxc4 27. Qxc4 f6 28. Qe2
a5 29. a4 Rab8 30. Bc3 Ra8 31. Rad1 Rfd8 32. Rf1 Qc7 33. Rd2 c4 34. b4 axb4 35.
Bxb4 Qb6+ 36. Kh1 Qxb4 37. Rb1 Qc5 38. Qd1 c3 39. Rd5 Qc6 40. Qd4 Qc4 41. Qd1
Bxe4 42. Rd4 Bxc2 43. Rb7+ Nf7 44. Qg1 Qc5 45. Rbb4 Rac8 46. Qc1 Bg6 47. Rbc4
Qxc4 0-1

[Event "17. Obert Int. Sant Marti 2015 - B"]
[Site "Barcelona ESP"]
[Date "2015.07.15"]
[Round "3.33"]
[White "Roche Peris, Eduard"]
[Black "Espadero Roda, Francesc"]
[Result "0-1"]
[WhiteElo "1958"]
[BlackElo "1862"]
[PlyCount "50"]
[EventDate "2015.07.13"]
[EventType "swiss"]
[EventRounds "9"]
[EventCountry "ESP"]
[SourceTitle "Ajedrez en Madrid"]
[Source "lmi"]
[SourceDate "2015.07.13"]
[SourceVersion "1"]
[SourceVersionDate "2019.06.21"]
[SourceQuality "1"]

1. e4 c5 2. Nf3 d6 3. d4 cxd4 4. c3 dxc3 5. Nxc3 a6 6. Bc4 e6 7. O-O b5 8. Bb3
Bb7 9. Qe2 Be7 10. Rd1 Nd7 11. Be3 Ngf6 12. Bf4 Qb6 13. e5 dxe5 14. Nxe5 Nxe5
15. Bxe5 O-O 16. Rac1 Rac8 17. Bd4 Qa5 18. Qe5 Qb4 19. Qg5 Rfd8 20. Be5 Rxd1+
21. Rxd1 Qc5 22. Qe3 Qc6 23. f3 Ng4 24. Qe2 Bc5+ 25. Kf1 Ne3+ 0-1

[Event "17. Obert Int. Sant Marti 2015 - B"]
[Site "Barcelona ESP"]
[Date "2015.07.15"]
[Round "3.34"]
[White "Izquierdo Pujol, Pol"]
[Black "Gonzalez Alonso, Marti"]
[Result "0-1"]
[WhiteElo "1832"]
[BlackElo "1949"]
[PlyCount "108"]
[EventDate "2015.07.13"]
[EventType "swiss"]
[EventRounds "9"]
[EventCountry "ESP"]
[SourceTitle "Ajedrez en Madrid"]
[Source "lmi"]
[SourceDate "2015.07.13"]
[SourceVersion "1"]
[SourceVersionDate "2019.06.21"]
[SourceQuality "1"]

1. e4 e5 2. Nf3 Nf6 3. Nc3 d6 4. Bc4 Be7 5. d3 Bg4 6. Be3 Nbd7 7. h3 Be6 8.
Bxe6 fxe6 9. Ng5 Nf8 10. Qd2 h6 11. Nf3 Ng6 12. O-O-O Qd7 13. Kb1 O-O-O 14. d4
exd4 15. Qxd4 b6 16. e5 dxe5 17. Nxe5 Qe8 18. Nxg6 Rxd4 19. Nxe7+ Qxe7 20. Bxd4
Rd8 21. Rhe1 c5 22. Be5 Rxd1+ 23. Rxd1 Nd7 24. Bg3 e5 25. Re1 Qd6 26. Kc1 a6
27. Nd1 Qd5 28. f3 Qxa2 29. Bxe5 Qe6 30. f4 Nxe5 31. fxe5 Qg6 32. e6 Kd8 33.
e7+ Ke8 34. Re2 Qg5+ 35. Kb1 Qf5 36. Nc3 b5 37. Kc1 Qf4+ 38. Kd1 Qf1+ 39. Kd2
Qf4+ 40. Kd1 Qd4+ 41. Ke1 Qg1+ 42. Kd2 Qd4+ 43. Ke1 Qb4 44. Kf1 Qf4+ 45. Ke1
Qg3+ 46. Kd1 Qd6+ 47. Ke1 Qg3+ 48. Kd1 Qd6+ 49. Ke1 b4 50. Ne4 Qe5 51. Nd2 Qxb2
52. Nc4 Qc3+ 53. Nd2 a5 54. Kd1 Qa1+ 0-1

[Event "17. Obert Int. Sant Marti 2015 - B"]
[Site "Barcelona ESP"]
[Date "2015.07.15"]
[Round "3.35"]
[White "Sanchez Esteban, Emilio"]
[Black "Fungueiriño Pique, Daniel"]
[Result "1-0"]
[WhiteElo "1947"]
[BlackElo "1859"]
[PlyCount "91"]
[EventDate "2015.07.13"]
[EventType "swiss"]
[EventRounds "9"]
[EventCountry "ESP"]
[SourceTitle "Ajedrez en Madrid"]
[Source "lmi"]
[SourceDate "2015.07.13"]
[SourceVersion "1"]
[SourceVersionDate "2019.06.21"]
[SourceQuality "1"]

1. d4 d5 2. Nf3 Nf6 3. e3 Bf5 4. c4 e6 5. Nc3 c6 6. Be2 Be7 7. O-O O-O 8. cxd5
exd5 9. Bd2 Nbd7 10. h3 Re8 11. Nh4 Be6 12. Bd3 Ne4 13. Nf3 f5 14. Be1 Bd6 15.
Rc1 Rf8 16. Qb3 Rb8 17. Bxe4 fxe4 18. Nxe4 Be7 19. Ned2 Kh8 20. Ne5 Nxe5 21.
dxe5 Qd7 22. Qd1 Rf7 23. Nb3 Rbf8 24. Nd4 c5 25. Nxe6 Qxe6 26. f4 b6 27. Bg3 d4
28. b3 Rd8 29. exd4 Rxd4 30. Qh5 g6 31. Qf3 Bf8 32. Rcd1 Rfd7 33. Rxd4 cxd4 34.
Rd1 Bc5 35. Kh2 Qf5 36. Bh4 h6 37. Bf6+ Kg8 38. Rd3 Rf7 39. g4 Qd7 40. f5 Rxf6
41. exf6 Qd6+ 42. Kg2 Qxf6 43. Qa8+ Bf8 44. Qd5+ Kh7 45. Qxd4 Qc6+ 46. Qd5 1-0